Normal view
MARC view
- Kroemer, Anne D.
Entry Personal Name
001 - CONTROL NUMBER
- control field: 3405
003 - CONTROL NUMBER IDENTIFIER
- control field: NUST
005 - DATE AND TIME OF LATEST TRANSACTION
- control field: 20170718154513.0
008 - FIXED-LENGTH DATA ELEMENTS
- fixed length control field: 170718|| aca||aabn | a|a d
040 ## - CATALOGING SOURCE
- Original cataloging agency: NUST
- Transcribing agency: NUST
100 ## - HEADING--PERSONAL NAME
- Personal name: Kroemer, Anne D.
670 ## - SOURCE DATA FOUND
- Source citation: Work cat.: (NUST)0: Kroemer, K. H. E., 1933- 3403, Office ergonomics /, 2001.
